| 000 | 00406nam a2200133Ia 4500 | ||
|---|---|---|---|
| 008 | 201002s9999 xx 000 0 und d | ||
| 020 | _a978-178-592-138-4 | ||
| 100 | _aTimmins, Siobhan | ||
| 245 |
_cSiobhan Timmins _aSuccessful social articles into adulthood/ |
||
| 260 |
_aLondon: _bJessica Kingsley Publishers _c2019 |
||
| 300 |
_a207 pages _c22 cm |
||
| 650 | _aSocial learning | ||
| 650 | _aYoung adults | ||
| 999 |
_c364674 _d364674 |
||